[Event "Titled Tue 17th Jun Late"]
[Site "chess.com INT"]
[Date "2025.06.17"]
[Round "9"]
[White "Uyanga, Byambaa"]
[Black "Molinaroli, Martin"]
[Result "1-0"]
[WhiteTitle "WFM"]
[BlackTitle "FM"]
[WhiteElo "2006"]
[BlackElo "2157"]
[WhiteFideId "2054906"]
[BlackFideId "4606604"]
[EventDate "2025.06.17"]

1. e4 c6 2. d4 d5 3. e5 Na6 4. f4 Bf5 5. Nf3 e6 6. Be3 h5 7. Nc3 Nh6 8. Bf2 Be7
9. h3 h4 10. Qd2 Nb4 11. O-O-O Qa5 12. a3 Nxc2 13. Bd3 Nxa3 14. bxa3 Bxa3+ 15.
Kc2 Bb4 16. Ra1 Qc7 17. Rhb1 Be7 18. Bxh4 Bxd3+ 19. Qxd3 Nf5 20. Bxe7 Kxe7 21.
Kd2 Ng3 22. Ng5 Nf5 23. g4 Nh6 24. Rc1 Qb6 25. Rab1 Qc7 26. Nb5 Qd7 27. Qa3+ Kd8
28. Nd6 b6 29. Rxb6 Nxg4 30. Rb7 Nxe5 31. dxe5 Rxh3 32. Rxd7+ Kxd7 33. Qxh3 1-0

[Event "Titled Tue 17th Jun Late"]
[Site "chess.com INT"]
[Date "2025.06.17"]
[Round "9"]
[White "Holt, Conrad"]
[Black "Lysyj, Igor"]
[Result "0-1"]
[WhiteTitle "GM"]
[BlackTitle "GM"]
[WhiteElo "2540"]
[BlackElo "2582"]
[WhiteFideId "2034387"]
[BlackFideId "4150120"]
[EventDate "2025.06.17"]

1. d4 d5 2. c4 e6 3. Nc3 c5 4. cxd5 exd5 5. Nf3 Nc6 6. g3 Nf6 7. Bg2 cxd4 8.
Nxd4 Bc5 9. Nb3 Bb4 10. O-O Bxc3 11. bxc3 O-O 12. Bg5 h6 13. Bxf6 Qxf6 14. Qxd5
Qxc3 15. Rab1 Be6 16. Qb5 Rab8 17. Rfc1 Qf6 18. Nc5 Nd4 19. Qb2 Bf5 20. e4 Bg4
21. Rc4 Nf3+ 22. Kh1 Qg5 23. h4 Qh5 24. e5 Nxe5 25. Re4 Ng6 26. Rc1 Rfc8 27.
Nxb7 Bf3 28. Rxc8+ Rxc8 29. Re3 Bxg2+ 30. Kxg2 Qd5+ 31. Kh2 Rb8 32. Rb3 Ne5 33.
Qe2 f6 34. Nc5 Rxb3 35. Nxb3 Nf3+ 0-1

[Event "Titled Tue 17th Jun Late"]
[Site "chess.com INT"]
[Date "2025.06.17"]
[Round "9"]
[White "Ambartsumova, Karina"]
[Black "Moroni, Luca Jr"]
[Result "0-1"]
[WhiteTitle "IM"]
[BlackTitle "GM"]
[WhiteElo "2403"]
[BlackElo "2549"]
[WhiteFideId "4166299"]
[BlackFideId "865834"]
[EventDate "2025.06.17"]

1. Nf3 Nc6 2. c4 e5 3. Nc3 Nf6 4. a3 d5 5. cxd5 Nxd5 6. Qc2 Be6 7. e4 Nf4 8. d4
exd4 9. Bxf4 dxc3 10. Qxc3 f6 11. Rd1 Qe7 12. Bb5 Bd7 13. O-O O-O-O 14. Rfe1 g5
15. Bg3 h5 16. h4 g4 17. Nd4 Qc5 18. Nxc6 bxc6 19. Ba6+ Kb8 20. Qb3+ Qb6 21. Qf7
Bd6 22. Bxd6 cxd6 23. Rxd6 g3 24. Rf1 Bg4 25. Qxf6 Rdf8 26. Qe5 Ka8 27. Bc4 Rxf2
28. Qd4 Qxd4 29. Rxd4 Rhf8 30. e5 Kb7 31. Re4 Be6 32. Bd3 Bd5 33. Rxf2 gxf2+ 34.
Kf1 Bxe4 35. Bxe4 Rf4 36. Bf3 Rxh4 37. Kxf2 Kc7 38. Ke3 Rh1 39. Kf4 Kd7 40. Kf5
Ke7 41. Kg5 c5 42. Bxh5 Ke6 43. Kf4 Rxh5 0-1

[Event "Titled Tue 17th Jun Late"]
[Site "chess.com INT"]
[Date "2025.06.17"]
[Round "9"]
[White "Perez Rojas, Jorge"]
[Black "Kukushkin, Ivan"]
[Result "1-0"]
[WhiteTitle "FM"]
[BlackTitle "CM"]
[WhiteElo "2100"]
[BlackElo "2008"]
[WhiteFideId "3452093"]
[BlackFideId "11634103"]
[EventDate "2025.06.17"]

1. e4 c5 2. Nf3 Nc6 3. Bb5 Nf6 4. Qe2 a6 5. Bxc6 dxc6 6. O-O Qc7 7. h3 e5 8. d3
h6 9. Nbd2 Be6 10. a4 Be7 11. a5 O-O 12. b3 Rfd8 13. Nc4 Nd7 14. Bb2 f6 15. Nh4
Nf8 16. Nf5 Qd7 17. Nb6 Qe8 18. Nxa8 Rxa8 19. f4 exf4 20. Rxf4 Ng6 21. Rf2 c4
22. bxc4 Rd8 23. Kh2 Bc5 24. Rff1 Ba7 25. Qh5 Bb8+ 26. g3 Bf7 27. Qg4 Qd7 28.
Rab1 Kh7 29. h4 Be8 30. h5 Nf8 31. Qh4 Ne6 32. Bxf6 gxf6 33. Qxf6 Qf7 34. Qxh6+
Kg8 35. Nh4 Qe7 36. Rf6 Ng7 37. Rbf1 Be5 38. R6f3 Qxh4+ 39. Kg2 Qe7 40. g4 Bd7
41. g5 Bg4 42. R3f2 Bxh5 43. g6 Qh4 44. Qh7# 1-0

[Event "Titled Tue 17th Jun Late"]
[Site "chess.com INT"]
[Date "2025.06.17"]
[Round "9"]
[White "Nurgaliyeva, Zarina"]
[Black "Bukreev, Stanislav"]
[Result "1-0"]
[WhiteTitle "WFM"]
[BlackTitle "FM"]
[WhiteElo "2252"]
[BlackElo "2305"]
[WhiteFideId "13730096"]
[BlackFideId "34252347"]
[EventDate "2025.06.17"]

1. e4 e6 2. d4 d5 3. e5 c5 4. c3 Nc6 5. Nf3 Qb6 6. Bd3 cxd4 7. O-O Bd7 8. Re1
Nge7 9. h4 h6 10. h5 Rc8 11. Nbd2 dxc3 12. bxc3 Na5 13. Rb1 Qc7 14. Ba3 Qxc3 15.
Nb3 Nec6 16. Rc1 Qxe1+ 17. Qxe1 Bxa3 18. Nxa5 Bxc1 19. Nxb7 Ba3 20. Qe3 O-O 21.
Bc2 Nb4 22. Bh7+ Kxh7 23. Qxa3 Nc2 24. Qe7 Bc6 25. Nd6 Rb8 26. Nxf7 d4 27. N7g5+
hxg5 28. Nxg5+ Kh8 29. h6 Rg8 30. Qxe6 Rb1+ 31. Kh2 Rb6 32. hxg7+ Rxg7 33. Qh3+
Kg8 34. Qc8+ 1-0

[Event "Titled Tue 17th Jun Late"]
[Site "chess.com INT"]
[Date "2025.06.17"]
[Round "9"]
[White "Thorsteinsdottir, Hallgerdur"]
[Black "Fomevor, Cephas Clinton"]
[Result "1-0"]
[WhiteTitle "WFM"]
[BlackTitle "CM"]
[WhiteElo "2004"]
[BlackElo "1883"]
[WhiteFideId "2302454"]
[BlackFideId "12601330"]
[EventDate "2025.06.17"]

1. e4 c5 2. Nf3 Nc6 3. d4 cxd4 4. Nxd4 Nf6 5. f3 e5 6. Nb5 d6 7. Bg5 a6 8. N5a3
b5 9. c4 b4 10. Nc2 a5 11. Ne3 Be7 12. Bxf6 Bxf6 13. Nd5 O-O 14. Be2 Be6 15. O-O
Bg5 16. Nd2 f5 17. exf5 Bxf5 18. Ne4 Bxe4 19. fxe4 Rxf1+ 20. Qxf1 Nd4 21. b3 Qd7
22. h3 Rf8 23. Qd1 Qa7 24. Kh1 Rf2 25. Bg4 Bh4 26. Ne3 Qb7 27. Nd5 Qf7 28. a3
Nc2 29. Rc1 Nxa3 30. Ne3 h6 31. Qxd6 Kh8 32. Be6 Qf8 33. Qb6 Bg5 34. Bf5 Bxe3
35. Qxe3 Rf4 36. Rd1 1-0

[Event "Titled Tue 17th Jun Late"]
[Site "chess.com INT"]
[Date "2025.06.17"]
[Round "9"]
[White "Yevchenko, Oleksandr"]
[Black "Mafra, Kaiser Luiz"]
[Result "1-0"]
[WhiteTitle "CM"]
[BlackTitle "CM"]
[WhiteElo "2276"]
[BlackElo "2076"]
[WhiteFideId "14108267"]
[BlackFideId "2106698"]
[EventDate "2025.06.17"]

1. c4 e5 2. Nc3 d5 3. cxd5 c6 4. dxc6 Nxc6 5. Nf3 Nf6 6. d3 Bc5 7. e3 O-O 8. Be2
Qe7 9. a3 Rd8 10. Nd2 a5 11. O-O Bf5 12. e4 Bg6 13. Qa4 Nd4 14. Nb3 Nxe2+ 15.
Nxe2 Rxd3 16. Nxc5 Qxc5 17. b4 Qc4 18. Ng3 Nxe4 19. Be3 b5 20. Rac1 Qxc1 21.
Qxb5 Qxa3 22. Qb7 axb4 23. Nxe4 b3 24. Nc5 Rdd8 25. Qxb3 Qxb3 26. Nxb3 f5 27. g3
Rf8 28. Bc5 Rfc8 29. Bd6 e4 30. Bf4 Bf7 31. Nd4 h6 32. Nxf5 Ra2 33. Ne7+ Kf8 34.
Nxc8 Be6 35. Nd6 Bh3 36. Re1 Ke7 37. Nxe4 Kf7 38. Nd6+ Kf8 39. Re8# 1-0

[Event "Titled Tue 17th Jun Late"]
[Site "chess.com INT"]
[Date "2025.06.17"]
[Round "9"]
[White "Sarana, Alexey"]
[Black "Naroditsky, Daniel"]
[Result "0-1"]
[WhiteTitle "GM"]
[BlackTitle "GM"]
[WhiteElo "2686"]
[BlackElo "2619"]
[WhiteFideId "24133795"]
[BlackFideId "2026961"]
[EventDate "2025.06.17"]

1. e4 c5 2. Nf3 g6 3. c3 d5 4. e5 Bg4 5. d4 Nc6 6. Bb5 Qb6 7. Bxc6+ Qxc6 8. O-O
cxd4 9. cxd4 Nh6 10. h3 Bxf3 11. Qxf3 Nf5 12. Be3 Bg7 13. Nc3 e6 14. Rfd1 O-O
15. Qe2 Rac8 16. Rac1 Qc4 17. Qxc4 Rxc4 18. b3 Rc6 19. Nb5 Rfc8 20. Rxc6 Rxc6
21. Nxa7 Ra6 22. Nc8 Rxa2 23. Nd6 Nxe3 24. fxe3 Bh6 25. Re1 Rb2 26. b4 Rxb4 27.
Kf2 Rb2+ 28. Kf3 Rb3 29. h4 b5 30. g4 b4 31. g5 Bf8 32. Ne8 Ra3 33. Rb1 Ra8 34.
Nf6+ Kg7 35. Nd7 Be7 36. Nc5 Bxc5 37. dxc5 Rc8 38. Rxb4 Rxc5 39. Rd4 Rb5 40. Rf4
Rb1 41. Ke2 Rb7 42. Kd3 h6 43. gxh6+ Kxh6 44. Kd2 Kg7 45. Kd3 Rb8 46. Kd2 Rh8
47. Kd3 Rh5 48. Kd4 Rf5 49. Rg4 Kh6 50. Rg1 Rf3 51. Rh1 Kh5 52. Rh2 Rf1 53. Kc5
Kg4 54. Kd6 Kg3 55. Rb2 Kxh4 0-1

[Event "Titled Tue 17th Jun Late"]
[Site "chess.com INT"]
[Date "2025.06.17"]
[Round "9"]
[White "Qian, Ashley"]
[Black "Grabinsky, Vladimir"]
[Result "1-0"]
[WhiteTitle "WCM"]
[BlackTitle "IM"]
[WhiteElo "2033"]
[BlackElo "2192"]
[WhiteFideId "2636280"]
[BlackFideId "14107074"]
[EventDate "2025.06.17"]

1. Nf3 c5 2. b3 Nc6 3. Bb2 Nf6 4. e3 g6 5. c4 Bg7 6. d4 cxd4 7. exd4 d5 8. Be2
O-O 9. O-O Bg4 10. h3 Bxf3 11. Bxf3 e6 12. Na3 Ne4 13. Nc2 Rc8 14. Bxe4 dxe4 15.
Qd2 Qd7 16. Rad1 Rfd8 17. Rfe1 f5 18. Qe2 Qe7 19. Ba1 Rc7 20. Rd2 Rcd7 21. Red1
Bh6 22. Ne3 Qb4 23. d5 exd5 24. Nxd5 Rxd5 25. Rxd5 Re8 26. Rd7 Ne5 27. Bxe5 Rxe5
28. Rd8+ Bf8 29. Qd2 Qe7 30. Qd7 Qf6 31. Qd6 Qxd6 32. R1xd6 Kf7 33. R6d7+ Kg8
34. Rxb7 f4 35. Rbb8 Rf5 36. Kf1 g5 37. c5 Kf7 38. c6 1-0

[Event "Titled Tue 17th Jun Late"]
[Site "chess.com INT"]
[Date "2025.06.17"]
[Round "9"]
[White "Przybylski, Wojciech"]
[Black "Piesik, Piotr"]
[Result "0-1"]
[WhiteTitle "FM"]
[BlackTitle "IM"]
[WhiteElo "2340"]
[BlackElo "2436"]
[WhiteFideId "1117599"]
[BlackFideId "1136194"]
[EventDate "2025.06.17"]

1. d4 d5 2. g3 Nf6 3. Bg2 Bf5 4. Nf3 e6 5. O-O h6 6. c4 c6 7. Re1 Nbd7 8. Nc3
Ne4 9. Bd2 Be7 10. b3 O-O 11. h3 Nxc3 12. Bxc3 Be4 13. Kh2 b5 14. c5 a5 15. a3
f5 16. Qd2 g5 17. Bf1 f4 18. g4 Bf6 19. Ng1 Rf7 20. f3 Bg6 21. e3 b4 22. Bb2
bxa3 23. Rxa3 fxe3 24. Rxe3 Nf8 25. Bd3 Bxd3 26. Qxd3 Bg7 27. Ne2 a4 28. bxa4
Qb8+ 29. Kg2 Qxb2 30. Rb3 Qa2 31. Ra3 Qc4 32. Qxc4 dxc4 33. Rec3 e5 34. Rxc4
exd4 35. Nxd4 Rf4 36. Rd3 Rd8 37. Nxc6 Rxd3 38. Rxf4 gxf4 39. a5 Rd2+ 40. Kf1
Ra2 41. h4 Ne6 42. Ne7+ Kf7 43. Nf5 Nxc5 44. g5 hxg5 45. hxg5 Rxa5 46. Nd6+ Kg6
47. Nc4 Ra2 0-1

[Event "Titled Tue 17th Jun Late"]
[Site "chess.com INT"]
[Date "2025.06.17"]
[Round "9"]
[White "Tang, Benjamin"]
[Black "Jovic, Stanoje"]
[Result "0-1"]
[WhiteTitle "FM"]
[BlackTitle "FM"]
[WhiteElo "2132"]
[BlackElo "2096"]
[WhiteFideId "30964342"]
[BlackFideId "905020"]
[EventDate "2025.06.17"]

1. a3 c5 2. Nf3 d5 3. c4 d4 4. e3 Nc6 5. exd4 Nxd4 6. Nxd4 cxd4 7. d3 g6 8. g3
Bg7 9. Bg2 Nf6 10. O-O O-O 11. Re1 a5 12. Bg5 Qb6 13. Qc2 Be6 14. Nd2 a4 15. Ne4
Nxe4 16. Rxe4 Rfe8 17. Rae1 Qa5 18. Bd2 Qa6 19. Bf4 b5 20. cxb5 Qxb5 21. Rxe6
fxe6 22. Bxa8 Rxa8 23. Rxe6 Bf6 24. Qc6 Qxc6 25. Rxc6 Ra7 26. Rc7 Ra6 27. Rc4
Kf7 28. Kf1 Ke6 29. Ke2 Kd5 30. Bd2 g5 31. f4 g4 32. f5 Rb6 33. Rb4 Rxb4 34.
axb4 Kc6 35. Kf2 Kb5 36. h3 h5 37. hxg4 hxg4 38. Ke2 Be5 39. Kf2 Bd6 40. Bg5
Kxb4 41. f6 exf6 42. Bxf6 Bc5 43. Ke2 Kb3 44. Bg5 Kxb2 45. Kd1 a3 46. Bc1+ Kc3
47. Bxa3 Bxa3 48. Ke2 Bd6 49. Kd1 Kxd3 50. Kc1 Bxg3 51. Kd1 Bf4 52. Ke1 Ke3 53.
Kf1 d3 54. Kg2 d2 55. Kh1 d1=Q+ 56. Kg2 Qf3+ 57. Kg1 Qf2+ 0-1

[Event "Titled Tue 17th Jun Late"]
[Site "chess.com INT"]
[Date "2025.06.17"]
[Round "9"]
[White "Levano Loayza, Adriano Jaffet"]
[Black "Hungaski, Robert"]
[Result "0-1"]
[WhiteTitle "CM"]
[BlackTitle "GM"]
[WhiteElo "2023"]
[BlackElo "2477"]
[WhiteFideId "3865584"]
[BlackFideId "2021030"]
[EventDate "2025.06.17"]

1. d4 d5 2. c4 c6 3. e3 Nf6 4. Nc3 g6 5. Bd3 Bg7 6. Nf3 O-O 7. O-O a6 8. b3 b5
9. Bb2 Bb7 10. e4 b4 11. e5 bxc3 12. exf6 Bxf6 13. Bxc3 c5 14. Rc1 cxd4 15. Bxd4
Bxd4 16. Nxd4 e5 17. Ne2 d4 18. c5 Bd5 19. Ng3 Nc6 20. f4 exf4 21. Rxf4 Qg5 22.
Qf1 Rfe8 23. Be4 Rad8 24. Bxd5 Qxd5 25. Kh1 d3 26. Rd1 a5 27. h4 h5 28. Qf2 Ne5
29. Ne4 Ng4 30. Nf6+ Nxf6 31. Rxf6 Re2 32. Qf3 Re4 33. Rxf7 Rxh4+ 34. Kg1 Qxf7
35. Qg3 Rhd4 36. Rf1 Qg7 37. Rd1 d2 38. c6 Rd3 39. Qf4 Qd4+ 40. Qxd4 R3xd4 0-1

[Event "Titled Tue 17th Jun Late"]
[Site "chess.com INT"]
[Date "2025.06.17"]
[Round "9"]
[White "Gustafsson, Jan"]
[Black "Kanakaris, Georgios"]
[Result "1-0"]
[WhiteTitle "GM"]
[BlackTitle "IM"]
[WhiteElo "2591"]
[BlackElo "2396"]
[WhiteFideId "4625498"]
[BlackFideId "4209460"]
[EventDate "2025.06.17"]

1. Nf3 Nf6 2. c4 e6 3. Nc3 d5 4. e3 Be7 5. b3 O-O 6. Bb2 b6 7. cxd5 exd5 8. d4
c5 9. Be2 Bb7 10. O-O Nbd7 11. Rc1 Rc8 12. Ne5 a6 13. Bf3 Nxe5 14. dxe5 Ne4 15.
Bxe4 dxe4 16. Qg4 f5 17. exf6 Bxf6 18. Rfd1 Qe8 19. Rd6 Rc6 20. Rcd1 Rxd6 21.
Rxd6 b5 22. Nd1 Bxb2 23. Nxb2 Qe5 24. Rd2 Bc8 25. Qd1 Be6 26. Qc2 h5 27. h3 Rf6
28. Nd1 Rg6 29. Kf1 c4 30. Nc3 cxb3 31. axb3 Kh7 32. Nxe4 Bf5 33. f3 Qa1+ 34.
Qd1 Qe5 35. Nd6 Qh2 36. Nxf5 Qh1+ 37. Ke2 Qxg2+ 38. Kd3 Qxh3 39. Nd4 Qd7 40. Kc2 1-0

[Event "Titled Tue 17th Jun Late"]
[Site "chess.com INT"]
[Date "2025.06.17"]
[Round "9"]
[White "Manukyan, Sargis A."]
[Black "Salinas Herrera, Pablo"]
[Result "0-1"]
[WhiteTitle "FM"]
[BlackTitle "GM"]
[WhiteElo "2294"]
[BlackElo "2447"]
[WhiteFideId "13303970"]
[BlackFideId "3407128"]
[EventDate "2025.06.17"]

1. d4 d6 2. Nf3 Nf6 3. e3 g6 4. Be2 Bg7 5. O-O O-O 6. b3 b6 7. Bb2 Bb7 8. Nbd2
c5 9. c4 Nbd7 10. d5 b5 11. e4 bxc4 12. Bxc4 a5 13. a4 Ba6 14. Re1 Qb6 15. Rb1
Rfb8 16. Bc3 Ne8 17. Qc2 Nc7 18. Bxg7 Kxg7 19. e5 Re8 20. Qc3 Kg8 21. e6 fxe6
22. Ng5 exd5 23. Qh3 Nf8 24. Bxa6 Qxa6 25. Re3 Qc8 26. g4 e5 27. Rf3 Re7 28. Rf6
Nce6 29. Ndf3 Nf4 30. Qh4 Qd7 31. Re1 Rb8 32. h3 Rxb3 33. Qh6 Rb8 34. Kh2 N4e6
35. h4 e4 36. Ng1 Nxg5 37. Qxg5 Re5 38. Qf4 Ne6 39. Qg3 Qe7 40. g5 Nd4 41. f4
exf3 42. Rf1 Rb2+ 43. Kh1 Nf5 44. Qxf3 Re4 45. Nh3 Qe5 0-1

[Event "Titled Tue 17th Jun Late"]
[Site "chess.com INT"]
[Date "2025.06.17"]
[Round "9"]
[White "Petrenko, Maryna"]
[Black "Chen, Yidong"]
[Result "0-1"]
[WhiteTitle "WFM"]
[WhiteElo "2062"]
[BlackElo "2074"]
[WhiteFideId "14197820"]
[BlackFideId "8607028"]
[EventDate "2025.06.17"]

1. d4 Nf6 2. c4 g6 3. Nf3 Bg7 4. g3 O-O 5. Bg2 c6 6. O-O d5 7. b3 a5 8. Bb2 Ne4
9. Nc3 Bf5 10. Nxe4 Bxe4 11. Rc1 a4 12. b4 a3 13. Ba1 dxc4 14. Rxc4 Qd5 15. Qb3
Nd7 16. Nh4 Bxg2 17. Nxg2 Nb6 18. Rc3 Bxd4 19. Rd3 Qxb3 20. Rxb3 Bxa1 21. Rxa1
Rfd8 22. b5 c5 23. Ne3 Rd2 24. Kf1 Rb2 25. Rc3 Rxb5 26. Nc2 Rba5 27. Rb1 Na4 28.
Rxa3 b5 29. Re3 e6 30. Na3 b4 31. Nc4 R5a6 32. a3 Nc3 33. Ra1 Nd5 34. Rb3 f5 35.
a4 Rxa4 36. Rxa4 Rxa4 37. Ne5 Ra1+ 38. Kg2 Kg7 39. e3 Rc1 40. Rb2 Ra1 41. Nd3
Ra5 42. Rc2 Nc3 43. Ne5 Kf6 44. Nc4 Ra2 45. Rc1 Ne4 0-1

[Event "Titled Tue 17th Jun Late"]
[Site "chess.com INT"]
[Date "2025.06.17"]
[Round "9"]
[White "Clawitter, Craig"]
[Black "Khanbutaev, Artemii"]
[Result "0-1"]
[WhiteElo "2050"]
[BlackElo "2139"]
[WhiteFideId "2023105"]
[BlackFideId "55747175"]
[EventDate "2025.06.17"]

1. e4 e5 2. Nf3 Nc6 3. Bb5 a6 4. Ba4 Nf6 5. O-O Be7 6. Re1 b5 7. Bb3 O-O 8. h3
d6 9. c3 Be6 10. d4 Bxb3 11. axb3 Qc8 12. Nbd2 exd4 13. cxd4 Nb4 14. e5 dxe5 15.
dxe5 Nfd5 16. Ne4 Qf5 17. Nc3 Rad8 18. Nd4 Qg6 19. Qf3 Bc5 20. Nxd5 Rxd5 21. Nf5
Re8 22. Be3 Rdxe5 23. Nh4 Qe6 24. Qg3 Bxe3 25. Nf3 Re4 26. Rxe3 Rxe3 27. fxe3
Qxe3+ 28. Kh2 Nd5 29. Rd1 Qc5 30. Nd4 g6 31. Nf5 Ne3 32. Nxe3 Qxe3 33. Qxc7 Qe5+
34. Qxe5 Rxe5 35. Rd6 Re6 36. Rd8+ Kg7 37. Ra8 h5 38. Kg3 Kf6 39. h4 Ke5 40. Kf3
f5 41. Rb8 Kd4 42. Rc8 Kd3 0-1

[Event "Titled Tue 17th Jun Late"]
[Site "chess.com INT"]
[Date "2025.06.17"]
[Round "9"]
[White "Rustemov, Alexander"]
[Black "Haydon, David L"]
[Result "1-0"]
[WhiteTitle "GM"]
[BlackTitle "FM"]
[WhiteElo "2525"]
[BlackElo "2284"]
[WhiteFideId "4119002"]
[BlackFideId "415405"]
[EventDate "2025.06.17"]

1. d4 Nf6 2. c4 e6 3. Nf3 d5 4. cxd5 exd5 5. Nc3 c6 6. Bf4 Bd6 7. Bxd6 Qxd6 8.
Qc2 g6 9. e3 Bf5 10. Qb3 Qc7 11. Nh4 Bg4 12. h3 Be6 13. Bd3 Nbd7 14. Nf3 Ne4 15.
O-O Ndf6 16. Rfc1 Qe7 17. Qc2 Nxc3 18. bxc3 O-O 19. c4 dxc4 20. Bxc4 Bf5 21. Bd3
Bxd3 22. Qxd3 Rad8 23. Rab1 Rd5 24. Qc2 Rfd8 25. Rb3 c5 26. a4 Ne4 27. Rcb1 b6
28. a5 cxd4 29. Nxd4 Rc5 30. Qb2 bxa5 31. Rb7 Qe5 32. Rxa7 Nc3 33. Qb7 Qd5 34.
Qxd5 Rcxd5 35. Rbb7 Rf8 36. Ne6 Re8 37. Nf4 Rd1+ 38. Kh2 Rf8 39. Ne6 Re8 40. Ng5
Ne4 41. Nxe4 Rxe4 42. Rxf7 Re8 43. Rg7+ Kf8 44. Rxh7 Kg8 45. Rhg7+ Kf8 46. Rxg6
Re7 47. Rxa5 Kf7 48. Rg4 Rf1 49. Rf5+ Ke6 50. Re4+ Kxf5 51. Rxe7 Rxf2 52. Rf7+ 1-0

[Event "Titled Tue 17th Jun Late"]
[Site "chess.com INT"]
[Date "2025.06.17"]
[Round "9"]
[White "Guerra Mendez, Jose Angel"]
[Black "Hartge, Gedeon"]
[Result "1/2-1/2"]
[WhiteTitle "GM"]
[BlackTitle "FM"]
[WhiteElo "2478"]
[BlackElo "2328"]
[WhiteFideId "3508129"]
[BlackFideId "12932116"]
[EventDate "2025.06.17"]

1. e4 Nf6 2. e5 Nd5 3. d4 d6 4. c4 Nb6 5. exd6 exd6 6. Bd3 Be7 7. Ne2 Bf6 8. O-O
O-O 9. Nbc3 Na6 10. b3 c6 11. Be3 Bg4 12. Qd2 d5 13. c5 Nc8 14. Bxa6 bxa6 15.
Ng3 Ne7 16. f3 Be6 17. Bg5 Nf5 18. Bxf6 Qxf6 19. Nxf5 Bxf5 20. Rfe1 Rfe8 21. Re3
h5 22. Rae1 Bd7 23. Re5 g6 24. R1e3 Rxe5 25. Rxe5 Re8 26. Rxe8+ Bxe8 27. Ne2 Bd7
28. Qf4 Qxf4 29. Nxf4 a5 30. Kf2 Bf5 31. Ke3 Bb1 32. a3 Ba2 33. b4 axb4 34. axb4
Bc4 35. Nd3 f6 36. Nf4 Kf7 37. h4 Bf1 38. g4 hxg4 39. fxg4 g5 40. hxg5 fxg5 41.
Nd3 Bxd3 42. Kxd3 a6 43. Kc3 Ke7 44. Kb3 Kd7 45. Ka4 Kc7 46. Ka5 Kb7 47. Ka4 Ka7
48. Kb3 Kb7 49. Kc3 Ka7 50. Kb3 Kb7 51. Ka4 Ka7 52. Ka5 Kb7 53. Ka4 1/2-1/2

[Event "Titled Tue 17th Jun Late"]
[Site "chess.com INT"]
[Date "2025.06.17"]
[Round "9"]
[White "Moreira, Ronaldo Alonso"]
[Black "Gorbenko, Rustem"]
[Result "1-0"]
[BlackTitle "CM"]
[WhiteElo "2094"]
[BlackElo "2201"]
[WhiteFideId "2110547"]
[BlackFideId "14111438"]
[EventDate "2025.06.17"]

1. d4 Nf6 2. c4 e6 3. Nc3 Bb4 4. Bd2 c5 5. e3 O-O 6. Nf3 d5 7. a3 Bxc3 8. Bxc3
cxd4 9. exd4 Nc6 10. Bd3 dxc4 11. Bxc4 Nd5 12. O-O b6 13. Qe2 Bb7 14. Rfd1 Rc8
15. Rac1 Nxc3 16. bxc3 Ne7 17. Bd3 Nd5 18. Qe4 g6 19. c4 Qc7 20. cxd5 Qxc1 21.
Rxc1 Rxc1+ 22. Ne1 Bxd5 23. Qe3 Rfc8 24. h3 Ra1 25. Kh2 Rxa3 26. Qe5 Rc1 27. Bb5
h5 28. Qb8+ Kg7 29. Qe5+ Kg8 30. Qb8+ Kg7 31. Qe5+ Kh7 32. Nd3 Rb1 33. Qf6 Rxb5
34. Qxf7+ Kh6 35. Qf8+ Kh7 36. Ne5 Be4 37. Qf7+ Kh6 38. Qf6 Rb1 39. h4 Rc3 40.
Qh8# 1-0

[Event "Titled Tue 17th Jun Late"]
[Site "chess.com INT"]
[Date "2025.06.17"]
[Round "9"]
[White "Tang, Andrew"]
[Black "Leenhouts, Koen"]
[Result "1-0"]
[WhiteTitle "GM"]
[BlackTitle "GM"]
[WhiteElo "2529"]
[BlackElo "2476"]
[WhiteFideId "2059630"]
[BlackFideId "1008439"]
[EventDate "2025.06.17"]

1. d4 d5 2. Bf4 Nf6 3. e3 c5 4. Nc3 cxd4 5. exd4 a6 6. Nf3 Bg4 7. h3 Bxf3 8.
Qxf3 Nc6 9. O-O-O e6 10. g4 Rc8 11. h4 Bb4 12. Ne2 Ne4 13. Kb1 O-O 14. h5 h6 15.
Qe3 Be7 16. Ng3 Nd6 17. c3 b5 18. Bd3 Nc4 19. Qe2 b4 20. Bxc4 dxc4 21. Ne4 bxc3
22. Nxc3 Nb4 23. Rhg1 Nd5 24. Bd2 Qb6 25. Nxd5 exd5 26. Qxe7 c3 27. Bxc3 Rxc3
28. g5 Rc7 29. Qe5 Rb8 30. Rd2 Rcb7 31. gxh6 Qxh6 32. f4 Qh7+ 33. Ka1 a5 34.
Rdg2 f6 35. Qxd5+ Kh8 36. h6 Qxh6 37. a3 Qxf4 38. Rh1+ Qh6 39. Rxh6+ gxh6 40.
Rh2 Rh7 41. Qf5 Rg8 42. Qxf6+ 1-0

[Event "Titled Tue 17th Jun Late"]
[Site "chess.com INT"]
[Date "2025.06.17"]
[Round "9"]
[White "Goryachkina, Aleksandra"]
[Black "Ernst, Luca"]
[Result "1/2-1/2"]
[WhiteTitle "GM"]
[BlackTitle "FM"]
[WhiteElo "2533"]
[BlackElo "2215"]
[WhiteFideId "4147103"]
[BlackFideId "45117055"]
[EventDate "2025.06.17"]

1. e4 c5 2. Nf3 d6 3. d4 cxd4 4. Qxd4 Nc6 5. Bb5 Bd7 6. Qd3 Nf6 7. Bg5 e6 8. Nc3
Be7 9. O-O-O Rc8 10. Kb1 a6 11. Bxc6 Bxc6 12. Nd4 h6 13. Bh4 O-O 14. Nxc6 Rxc6
15. f4 Nxe4 16. Nxe4 Bxh4 17. g4 d5 18. g5 Qc7 19. Ng3 Qxf4 20. g6 Qc4 21. gxf7+
Rxf7 22. Qd2 Bg5 23. Qg2 Qc5 24. Rhf1 Rcc7 25. Nh5 Rxf1 26. Rxf1 Rf7 27. Rxf7
Kxf7 28. h4 Bf6 29. Nxf6 Kxf6 30. Qf3+ Ke7 31. Qg4 Qf2 32. Qxg7+ Kd6 33. a3 Qxh4
34. Qxb7 Qe1+ 35. Ka2 Qe2 36. Qb8+ Ke7 37. Qc7+ Ke8 38. Qb8+ Ke7 39. Qc7+ Ke8
40. Qb8+ Ke7 1/2-1/2

[Event "Titled Tue 17th Jun Late"]
[Site "chess.com INT"]
[Date "2025.06.17"]
[Round "9"]
[White "Demirtas, Alper"]
[Black "Sohal, Tanraj"]
[Result "1-0"]
[WhiteTitle "CM"]
[BlackTitle "FM"]
[WhiteElo "2205"]
[BlackElo "2234"]
[WhiteFideId "44576781"]
[BlackFideId "2608499"]
[EventDate "2025.06.17"]

1. Nf3 d5 2. d4 e6 3. c3 Nf6 4. Bf4 Be7 5. Nbd2 O-O 6. e3 c5 7. Bd3 b6 8. O-O
Ba6 9. Bxa6 Nxa6 10. Ne5 Nb8 11. a4 Nfd7 12. Ndf3 f6 13. Nxd7 Qxd7 14. Qe2 Nc6
15. Rfd1 Qb7 16. e4 cxd4 17. exd5 exd5 18. Nxd4 Nxd4 19. Rxd4 Bc5 20. Qe6+ Kh8
21. Qxd5 Qa6 22. Rd2 h6 23. h3 Rfe8 24. Qf3 Rad8 25. Rxd8 Rxd8 26. Bxh6 Qd3 27.
Qxd3 Rxd3 28. Bf4 g5 29. Bg3 Rxg3 30. Rd1 g4 31. h4 Kg7 32. Kf1 Rh3 33. gxh3
gxh3 34. Kg1 Kg6 35. Rd3 Kh5 36. Rxh3 Kg4 37. Rg3+ Kxh4 38. Rg7 a5 39. Kg2 Kh5
40. Kf3 Kh6 41. Rg2 Bd6 42. Ke4 Be5 43. Kf5 Kh5 44. f4 Bd6 45. Rh2# 1-0